• 首页
  • 本馆介绍
  • 公告通知
  • 最新文献
  • 馆藏检索
  • 电子资源
  • 读者导购
  • 参考咨询
  • 我的图书馆
  • 登录
  • 详细信息显示
  • 放入我的书架
  • 预约/预借图书
  • 作者相关作品
  • 分类相关作品
  • 丛书相关作品
  • 出版社相关作品

书目信息

  • 表格格式
  • 工作单格式
  • 卡片格式
题名:
面点制作技术
    
 
作者: 鲍治平 主编
分册:  
出版信息: 北京   高等教育出版社  2004
页数: 188页
开本: 21cm
丛书名:
单 册:
中图分类: TS972.132
科图分类:
主题词: 面食--制作--职业高中--教材
电子资源:
ISBN: 978-7-04-005282-4
000 00879nam0 2200253 450
001 0103719989
005 20160121154420.0
010    @a978-7-04-005282-4@dCNY4.20
100    @a20160104e20152004em y0chiy0120 ea
101 0  @achi
102    @aCN@b110000
105    @aa z 000yy
106    @ar
200 1  @a面点制作技术@9Mian Dian Zhi Zuo Ji Shu;Zhu @f鲍治平主编@b专著
210    @a北京@c高等教育出版社@d2004@h2015重印
215    @a188页@c图@d21cm
300    @a国家教委规划教材 中等职业学校中餐烹饪专业
330    @a本书的主要内容是:面点制作基本操作技术、制馅、实面类制品、膨松类制品、酥松类制品、米类、米粉类制品、其他原料制品及地方风味面点等。
606 0  @a面食@x制作@x职业高中@j教材
690    @aTS972.132@v5
701  0 @a鲍治平@9bao zhi ping@4主编
801  0 @aCN@b110120@c20110525
801  2 @aCN@b110120@c20110525
905    @aBZT@dTS972.132@e15@f19@sTS972.132/15
    
    面点制作技术/鲍治平主编.-北京:高等教育出版社,2004(2015重印)
    188页:图;21cm
    国家教委规划教材 中等职业学校中餐烹饪专业
    
    ISBN 978-7-04-005282-4:CNY4.20
    本书的主要内容是:面点制作基本操作技术、制馅、实面类制品、膨松类制品、酥松类制品、米类、米粉类制品、其他原料制品及地方风味面点等。
●
相关链接 在五车中查询图书 在当当中查询图书 在豆瓣中查询图书


正题名:面点制作技术     索取号:TS972.132/15         预约/预借

序号 登录号 条形码 馆藏地/架位号 状态 备注
1 2000139233   2000139233   旧书回溯/ [索取号:TS972.132/15] 在馆    
2 2000139234   2000139234   旧书回溯/ [索取号:TS972.132/15] 在馆    
3 2000139235   2000139235   旧书回溯/ [索取号:TS972.132/15] 在馆    
4 2000139236   2000139236   旧书回溯/ [索取号:TS972.132/15] 在馆    
5 2000139237   2000139237   旧书回溯/ [索取号:TS972.132/15] 在馆    
6 2000139238   2000139238   旧书回溯/ [索取号:TS972.132/15] 在馆    
7 2000139239   2000139239   旧书回溯/ [索取号:TS972.132/15] 在馆    
8 2000139240   2000139240   旧书回溯/ [索取号:TS972.132/15] 在馆    
9 2000139241   2000139241   旧书回溯/ [索取号:TS972.132/15] 在馆    
10 2000139242   2000139242   旧书回溯/ [索取号:TS972.132/15] 在馆    
11 2000140538   2000140538   旧书回溯/ [索取号:TS972.132/15] 在馆    
12 2000140539   2000140539   旧书回溯/ [索取号:TS972.132/15] 在馆    
13 2000140540   2000140540   旧书回溯/ [索取号:TS972.132/15] 在馆    
14 2000140541   2000140541   旧书回溯/ [索取号:TS972.132/15] 在馆    
15 2000140542   2000140542   旧书回溯/ [索取号:TS972.132/15] 在馆    
16 2000140543   2000140543   旧书回溯/ [索取号:TS972.132/15] 在馆    
17 2000140544   2000140544   旧书回溯/ [索取号:TS972.132/15] 在馆    
18 2000140545   2000140545   旧书回溯/ [索取号:TS972.132/15] 在馆    
19 2000140546   2000140546   旧书回溯/ [索取号:TS972.132/15] 在馆    
山东省滨州职业学院图书馆 欢迎您!
大连网信软件有限公司© 版权所有